Wertvollste Schweizer Marken - Statistiken

Allgemein
  • Dieses Quiz wurde 1.609 mal gespielt
  • Das Durchschnittsergebnis liegt bei 4 aus 10
Antwortstatistiken
Branche Marke % Korrekt
Uhrenmanufaktur Rolex
87%
Nahrungsmittel Nestlé
79%
Bank UBS
60%
Bank Credit Suisse
53%
Diagnostik (Pharmazie) Roche
36%
Kaffeegetränke (gehört zu #1) Nescafé
35%
Bank und Versicherungen Zurich
28%
Informations- und Kommunikationstechnik swisscom
15%
Energie- und Automationstechnik ABB
13%
Bank und Versicherungen Swiss Re
7%
Keine übereinstimmenden Quizze gefunden
Verteilung der Resultate
Anzahl Personen mit jedem Resultat
Perzentil nach korrekt beantworteten Fragen
Ihre Resultats-Entwicklung
Sie haben dieses Quiz noch nicht gespielt